Statistics for Countries With Oldest Underground Railway Network

Click here to take the quiz!

General Stats

  • This quiz has been taken 41 times
  • The average score is 8 of 10

Answer Stats

YearAnswer% Correct
1863UK
100%
1892USA
97%
1900France
94%
1902Germany
94%
1919Spain
94%
1927Japan
91%
1935Russia
89%
1896Hungary
66%
1904Greece
60%
1913Argentina
51%

Score Distribution

Percentile by Number Answered

Percent of People with Each Score

Your Score History

You have not taken this quiz